000 00879cab a2200253 4500
001 WB3023-04
008 090401t1994 xxu||||| |||| 00| 0 eng d
035 _a(Sirsi) u71242
041 _aeng
245 _aRenovation grant contracts
260 _c1994
350 _a0
490 _aCSM (Chartered Surveyor Monthly)
_v3(9) June 1994, 5(1)
520 _aThe JCT has updated and reissued forms of contract for use where a renovation grant is made available by a local authority for eligible work.
650 _aFORM RG(A)
650 _aFORM RG(C)
650 _aBUILT ENVIRONMENT-BUILDING CONTRACT FORMS-STANDARD FORMS OF BUILDING CONTRACT-JOINT CONTRACTS TRIBNUAL CONTRACTS
650 _aMINOR BUILDING WORKS
650 _aPRACTICE NOTE
650 _aRENOVATION GRANTS
690 _aBUILT ENVIRONMENT-BUILDING CONTRACT FORMS
942 _n0
948 _c04/03/1997
999 _c44886
_d44886